The hope of glory: (Record no. 5726)

000 -LEADER
fixed length control field 00607nam a2200181 a 4500
001 - CONTROL NUMBER
control field :::00003468$&:&@@
003 - CONTROL NUMBER IDENTIFIER
control field OkBaRHE
005 - DATE AND TIME OF LATEST TRANSACTION
control field 20000607103306.0
008 - FIXED-LENGTH DATA ELEMENTS--GENERAL INFORMATION
fixed length control field s1969 j 000 0 eng u
040 ## - CATALOGING SOURCE
Transcribing agency
100 1# - MAIN ENTRY--PERSONAL NAME
Personal name Loane, Marcus L.
245 14 - TITLE STATEMENT
Title The hope of glory:
Remainder of title an exposition of the eighth chapter in the Epistle to the Romans.
260 ## - PUBLICATION, DISTRIBUTION, ETC. (IMPRINT)
Place of publication, distribution, etc Waco, TX., :
Name of publisher, distributor, etc Word Books
Date of publication, distribution, etc 1969
300 ## - PHYSICAL DESCRIPTION
Extent 160 p. ;
Dimensions 23 cm.
650 ## - SUBJECT ADDED ENTRY--TOPICAL TERM
Topical term or geographic name as entry element Bible New Testament Romans 8
General subdivision Commentaries
942 ## - ADDED ENTRY ELEMENTS (KOHA)
Source of classification or shelving scheme
Koha item type Books
Copies
Source of classification or shelving scheme Price effective from Damaged status Permanent Location Date acquired Date last seen Barcode Copy number Withdrawn status Full call number Not for loan Lost status Shelving location Koha item type
 2010-04-14 RHEMA Bible Training College2010-04-142018-03-2834681 BS 2665.3 .L6  General StacksBooks